| 000 | 00435 a2200157 4500 | ||
|---|---|---|---|
| 001 | 75381 | ||
| 020 | _a9788520934197 | ||
| 040 | _cAnchieta - Colégio São Paulo | ||
| 100 | _aBragança, Maria Cristina de Orleans e | ||
| 240 | 1 | 0 |
_aSiwa e meus companheiros do passado e do presente _lpor |
| 245 | 1 | 0 | _aSiwa e meus companheiros do passado e do presente |
| 300 | _a | ||
| 362 | 0 | _a2013 | |
| 650 | 4 | _aLiteratura juvenil | |
| 942 | _cBK | ||
| 999 |
_c75381 _d75381 |
||